Stern Trawling. A record of the Stern Trawling Conference at Grimsby, England, in September, 1963, organized by U.K. White Fish Authoriry
Uloženo v:
| Hlavní autor: | |
|---|---|
| Médium: | Kniha |
| Jazyk: | angličtina |
| Vydáno: |
Londres
Fishing News
1964
|
| Témata: | |
| Tagy: |
Přidat tag
Žádné tagy, Buďte první, kdo vytvoří štítek k tomuto záznamu!
|
MARC
| LEADER | 00000nam a2200000 a 4500 | ||
|---|---|---|---|
| 001 | UCR6321 | ||
| 003 | CL-VaPUC | ||
| 008 | 980423e19640500UK |||||||||||||||||eng|d | ||
| 082 | 0 | 4 | |a 387.28 |b WAR |2 21 |
| 100 | 0 | |a Ward, George |e author |9 407467 | |
| 245 | 1 | 0 | |a Stern Trawling. A record of the Stern Trawling Conference at Grimsby, England, in September, 1963, organized by U.K. White Fish Authoriry |
| 300 | |a 102 p | ||
| 942 | |c BK | ||
| 945 | |d 19980423 00:00:00 |a crobeson | ||
| 260 | |a Londres |b Fishing News |c 1964 | ||
| 650 | 7 | |a BARCOS PESQUEROS |2 CL-VaPUC |9 260861 | |
| 650 | 7 | |a PESCA DE ARRASTRE |2 CL-VaPUC |9 261951 | |
| 650 | 7 | |a PESCA COMERCIAL |2 CL-VaPUC |9 407468 | |
| 650 | 0 | |a Arquitectura naval |9 261969 | |
| 650 | 7 | |a CONFERENCIAS |2 CL-VaPUC |9 407469 | |
| 583 | |a last modification |c 19980423 00:00:00 |k Rodrigo Vera | ||
| 999 | |c 268527 |d 268525 | ||
| 952 | |0 0 |1 0 |2 ddc |4 0 |6 387_280000000000000_WAR_1964 |7 0 |8 CCM |9 301713 |a BIBCUR |b BIBCUR |c PAC |d 2019-11-20 |i 1991078 |o 387.28 WAR 1964 |p 1991078 |r 2025-04-22 |w 2019-11-20 |y BK |k CIM | ||